Rapidité : LE GRAND RETOUR - Statistiques

Statistiques générales
  • Ce quiz a été pris 470 fois
  • Le résultat moyen est 10 sur 25
Statistiques - réponses
% Correct
France France
100%
Allemagne Allemagne
93%
Espagne Espagne
90%
Golf Golf
83%
Dioxyde Dioxyde
78%
Or Or
77%
Changement Changement
68%
Central Central
67%
Avoir Avoir
62%
But But
47%
Engagement Engagement
43%
Donc Donc
40%
Prévoir Prévoir
29%
Pourquoi Pourquoi
27%
Ferme Ferme
25%
Diable Diable
18%
Dévaluer Dévaluer
14%
Prune Prune
8%
Marque Marque
6%
Essayer Essayer
5%
Spécifique Spécifique
5%
Troisième Troisième
3%
Gribouillage Gribouillage
2%
Xylophone Xylophone
2%
Conflictuel Conflictuel
1%
Aucun quiz correspondant
Distribution des résultats
% des personnes avec chaque résultat
Percentile par nombre de réponses
Votre historique - résultats
Vous n’avez pas pris ce quiz